[Event "Gran Finale"]
[Site "http://www.queenalice.com/game.php?id=1259929"]
[Date "2014.2.25"]
[Round "-"]
[White "thiagobh"]
[Black "jfrcorrea"]
[Result "1-0"]
[WhiteElo "1384"]
[BlackElo "1569"]

1. Nf3 d5 2. d3 Nf6 3. g3 c6 4. Bg2 Bg4 5. O-O Nbd7 6. Nbd2 e5 7. e4 Bc5 8. Nb3
Qb6 9. Nxc5 Qxc5 10. Re1 O-O 11. Be3 d4 12. Bd2 Qb6 13. b3 Rfe8 14. Qc1 Qc5 15.
a3 a5 16. Rf1 b5 17. Ra2 b4 18. a4 h6 19. Ne1 Be2 20. Nf3 Bxf1 21. Qxf1 Re6 22.
Bh3 Rd6 23. Nh4 Nh5 24. Nf5 Rf6 25. Ne7+ Qxe7 26. Qe2 g6 27. Bxh6 Ra7 28. Bg4 g5
29. Bxg5 Ng7 30. Bxf6 Qxf6 31. Bxd7 Rxd7 32. Qg4 Rd6 33. Qc8+ Rd8 34. Qa6 Nh5
35. Qxa5 Qd6 36. Qa6 Qh6 37. Ra1 Qd6 38. a5 c5 39. Qb5 Rb8 40. Qa4 Qd8 41. Qa2
Ra8 42. Qb1 Rxa5 43. Rxa5 Qxa5 44. Qd1 Nf6 45. Qf3 Nh7 46. Qg4+ Kh8 47. Qc8+ Kg7
48. Qg4+ Kh8 49. h4 f6 50. h5 Ng5 51. Qc8+ Kg7 52. Qd7+ Kh6 53. Qe8 Qa2 54. Qh8+
Nh7 55. Qe8 Kg7 56. Qg6+ Kh8 57. h6 Qa7 58. Qe8+ Nf8 59. Qxf8+ Kh7 60. Qxf6 Qc7
61. g4 Kg8 62. g5 Qh7 63. Qxe5 Qh8 64. Qh2 Qh7 65. Qb8+ Kf7 66. Qc7+ Kg6 67.
Qxc5 Qd7 68. Qd5 Qxd5 69. exd5 Kxg5 70. d6 Kxh6 71. d7 Kg5 72. d8=Q+ Kf4 73.
Qxd4+ Kf3 74. Qe4# 1-0

[Event "Hey ho, let's go!"]
[Site "http://www.queenalice.com/game.php?id=1260606"]
[Date "2014.2.28"]
[Round "-"]
[White "jfrcorrea"]
[Black "thiagobh"]
[Result "0-1"]
[WhiteElo "1533"]
[BlackElo "1405"]

1. d4 c6 2. e4 d5 3. Nc3 dxe4 4. Nxe4 Bf5 5. Ng3 Bg6 6. Nf3 h6 7. Bc4 e6 8. O-O
Bd6 9. c3 h5 10. Re1 h4 11. Bg5 Be7 12. Ne4 h3 13. gxh3 Rxh3 14. Bxe7 Qxe7 15.
Nfg5 Rh5 16. Qg4 Rh6 17. Qg3 Nd7 18. Bb3 O-O-O 19. Qd6 Ndf6 20. Qxe7 Nxe7 21.
Nxf6 gxf6 22. Ne4 Rdh8 23. Nxf6 Rxh2 24. Ng4 R2h4 25. Ne5 Bh5 26. Bd1 Rg8+ 27.
Ng4 Bxg4 28. Bxg4 Rgxg4+ 29. Kf1 Nd5 30. f3 Rg7 31. Re4 Rh1+ 0-1

[Event "JFRCORREA X BOEING"]
[Site "http://www.queenalice.com/game.php?id=1261221"]
[Date "2014.3.1"]
[Round "-"]
[White "jfrcorrea"]
[Black "Boeing"]
[Result "1-0"]
[WhiteElo "1475"]
[BlackElo "1848"]

1. d4 e6 2. Nc3 c6 3. Nf3 Bb4 4. Bg5 Nf6 5. e3 Bxc3+ 6. bxc3 O-O 7. Bd3 h6 8.
Bf4 d6 9. O-O g5 10. Bg3 Nd5 11. c4 Nb4 12. Be4 f5 13. Bd3 Nxd3 14. Qxd3 Na6 15.
Rab1 c5 16. d5 Nb4 17. Qb3 e5 18. h3 e4 19. Nd2 f4 20. Bh2 a5 21. Nxe4 Bf5 22.
f3 a4 23. Qb2 fxe3 24. Bxd6 Rf7 25. Bxc5 Na6 26. Bxe3 Bxe4 27. fxe4 Rxf1+ 28.
Rxf1 Qe7 29. Bd4 a3 30. Qc3 Qxe4 31. Bh8 Qe7 32. d6 Qh7 33. Qf6 Nc5 34. d7 Nxd7
35. Qd4 Ra6 36. Be5 b6 37. Qd5+ Qf7 38. Qxf7# 1-0

[Event "JFRCORREA X BOEING"]
[Site "http://www.queenalice.com/game.php?id=1261222"]
[Date "2014.3.1"]
[Round "-"]
[White "jfrcorrea"]
[Black "Boeing"]
[Result "0-1"]
[WhiteElo "1507"]
[BlackElo "1896"]

1. d4 d5 2. Bg5 Nc6 3. Nc3 h6 4. Bh4 Nf6 5. e3 a6 6. Nf3 g5 7. Bg3 h5 8. Nxg5
Bh6 9. Nf3 Bg4 10. h3 Bxf3 11. Qxf3 Qd7 12. Bd3 Nb4 13. O-O Nxd3 14. cxd3 c6 15.
Na4 Qd8 16. Nc5 Qb6 17. b3 Rg8 18. e4 dxe4 19. dxe4 Rd8 20. Qf5 Rxd4 21. Rad1
Bd2 22. Na4 Qd8 23. Nc5 Rg5 24. Nxb7 Qa8 25. Nd6+ Rxd6 26. Qf3 Rd7 27. e5 Nh7
28. Qe2 Qd8 29. Qe4 Nf8 30. Qxc6 Bb4 31. Rxd7 Nxd7 32. e6 fxe6 33. Qxe6 Qb6 34.
Qe4 Rxg3 35. Qa8+ Nb8 36. Qe4 a5 37. Kh1 Rc3 38. Qe5 Qb7 39. f3 Nd7 40. Qh8+ Nf8
41. Rd1 Qb5 42. Qd4 Ne6 43. Qh8+ Kf7 44. Qh7+ Ng7 45. Rd8 Rc1+ 46. Kh2 Qe5+ 47.
f4 Qxf4+ 48. g3 Qf2# 0-1

[Event "Challenge"]
[Site "http://www.queenalice.com/game.php?id=1264094"]
[Date "2014.3.11"]
[Round "-"]
[White "jfrcorrea"]
[Black "thiagobh"]
[Result "0-1"]
[WhiteElo "1502"]
[BlackElo "1424"]

1. d4 c6 2. Bg5 h6 3. Bh4 d5 4. e3 g5 5. Bg3 Qd7 6. c4 e6 7. Be2 Bd6 8. Bxd6
Qxd6 9. c5 Qe7 10. Nh3 Nf6 11. f4 Ne4 12. O-O Nd7 13. Nc3 Ndf6 14. Nxe4 Nxe4 15.
Nf2 Nf6 16. Qd3 Bd7 17. e4 O-O-O 18. e5 Ng8 19. Nh3 Qf8 20. Qa3 Kb8 21. Qa5 Ne7
22. Rac1 Qg7 23. Bd3 Nf5 24. Qb4 Bc8 25. Rc3 gxf4 26. Nxf4 Rhg8 27. Bxf5 exf5
28. Ra3 Rde8 29. g3 f6 30. Nd3 fxe5 31. dxe5 h5 32. Qa4 a6 33. Qb4 Rh8 34. Rf2
h4 35. Rg2 Reg8 36. Nf4 hxg3 37. Rgxg3 Qh6 38. Qd2 Rxg3+ 39. Rxg3 Re8 40. Rg6
Qh4 41. Qe3 Rh8 42. Qh3 Qe1+ 43. Qf1 Qxe5 44. Nh3 Qd4+ 45. Qf2 Qe4 46. Ng5 Qb1+
47. Kg2 Qxa2 48. Qe2 Qa5 49. Qe5+ Ka7 50. Qxh8 Qd2+ 51. Kg3 f4+ 52. Kh4 Qxh2+
53. Nh3 Qxh3+ 0-1

[Event "Challenge"]
[Site "http://www.queenalice.com/game.php?id=1266193"]
[Date "2014.3.19"]
[Round "-"]
[White "ChessLeticia"]
[Black "jfrcorrea"]
[Result "1-0"]
[WhiteElo "1589"]
[BlackElo "1525"]

1. e4 c6 2. d4 Nf6 3. Nc3 d5 4. e5 Ng4 5. h3 Nh6 6. Bxh6 gxh6 7. f4 Rg8 8. g4 e6
9. Qd3 Qh4+ 10. Kd2 Bb4 11. a3 Ba5 12. b4 Bc7 13. Nf3 Qe7 14. Be2 b6 15. Qxh7
Rg6 16. Bd3 Rxg4 17. hxg4 1-0

[Event "Challenge"]
[Site "http://www.queenalice.com/game.php?id=1266200"]
[Date "2014.3.19"]
[Round "-"]
[White "dutra2302"]
[Black "jfrcorrea"]
[Result "1-0"]
[WhiteElo "2298"]
[BlackElo "1463"]

1. Nf3 d5 2. c4 c6 3. e3 Bg4 4. cxd5 Qxd5 5. Be2 Nf6 6. Nc3 Qd6 7. O-O e5 8. Qb3
Nbd7 9. Ng5 Be7 10. Qxf7+ Kd8 11. Bxg4 Nxg4 12. Ne6+ Kc8 13. Qxg7 Bf6 14. Qxg4
b5 15. Ne4 Qe7 16. Nxf6 Nxf6 17. Qf5 Kb7 18. Ng5 Raf8 19. f4 Nd5 20. Qxe5 Qxe5
21. fxe5 Rxf1+ 22. Kxf1 Rf8+ 23. Ke2 1-0

[Event "Challenge"]
[Site "http://www.queenalice.com/game.php?id=1268807"]
[Date "2014.3.28"]
[Round "-"]
[White "pablonet"]
[Black "jfrcorrea"]
[Result "0-1"]
[WhiteElo "1588"]
[BlackElo "1442"]

1. e4 d5 2. Nc3 c6 3. d4 Nf6 4. e5 Ng4 5. h3 Nh6 6. Nf3 Bf5 7. Be2 Nd7 8. Bf4 e6
9. O-O Bb4 10. Qd2 Nb6 11. a3 Bxc3 12. Qxc3 Na4 13. Qb4 b5 14. Bd3 a5 15. Qb3
O-O 16. Bxf5 Nxf5 17. Bg5 f6 18. exf6 gxf6 19. Bf4 Rf7 20. g4 Nd6 21. Qd3 Nxb2
22. Qc3 Ndc4 23. Nd2 Na4 24. Qd3 e5 25. dxe5 fxe5 26. Bg3 e4 27. Qe2 Qe7 28. f3
Qc5+ 29. Kh2 Raf8 30. fxe4 dxe4 31. Nxe4 Qd4 32. Rad1 Nc3 33. Nxc3 Qxc3 0-1

[Event "Challenge"]
[Site "http://www.queenalice.com/game.php?id=1268838"]
[Date "2014.3.28"]
[Round "-"]
[White "thiagobh"]
[Black "jfrcorrea"]
[Result "0-1"]
[WhiteElo "1530"]
[BlackElo "1507"]

1. Nf3 d5 2. g3 Nf6 3. Bg2 Bg4 4. O-O Nbd7 5. d3 e5 6. Nbd2 Bc5 7. b3 c6 8. Bb2
Qc7 9. e4 O-O 10. Re1 Rfe8 11. h3 Bh5 12. Qc1 Qb6 13. Rf1 Qb4 14. a3 Qb6 15. b4
Bd6 16. g4 Bg6 17. Nh4 d4 18. Nxg6 hxg6 19. Qd1 c5 20. Nc4 Qc7 21. Nxd6 Qxd6 22.
b5 Nh7 23. Bc1 Qe7 24. f4 Qh4 25. Qf3 exf4 26. Qxf4 Ng5 27. Qf2 Nxh3+ 28. Bxh3
Qxh3 29. Qxf7+ Kh8 30. Qxd7 Qg3+ 31. Kh1 Rf8 32. Bg5 b6 33. Qe6 Rf3 34. Be7 Kh7
35. Rac1 Qf4 36. Rxf3 Qxf3+ 37. Kg1 Qe3+ 38. Kh2 Qxc1 39. Qf7 Qxc2+ 40. Kh1 Rg8
41. e5 Qxd3 42. Qf2 Qe4+ 43. Kg1 Re8 44. Qf7 Qxg4+ 45. Kf1 Qf5+ 0-1

[Event "Challenge"]
[Site "http://www.queenalice.com/game.php?id=1272206"]
[Date "2014.4.11"]
[Round "-"]
[White "jfrcorrea"]
[Black "Andrei_78"]
[Result "0-1"]
[WhiteElo "1497"]
[BlackElo "1618"]

1. d4 d5 2. Bg5 h6 3. Bh4 Be6 4. e3 Nc6 5. Nc3 Nf6 6. Bb5 a6 7. Bxc6+ bxc6 8.
Nf3 Bg4 9. h3 Bxf3 10. Qxf3 Nh7 11. O-O e6 12. Bxd8 Rxd8 13. Qf4 Bd6 14. Qf3 O-O
15. a3 Ng5 16. Qh5 Nh7 17. b4 Nf6 18. Qe2 Ra8 19. Qd3 a5 20. b5 c5 21. dxc5 Bxc5
22. a4 Nd7 0-1

[Event "Challenge"]
[Site "http://www.queenalice.com/game.php?id=1274556"]
[Date "2014.4.20"]
[Round "-"]
[White "jfrcorrea"]
[Black "leandrodaquimica"]
[Result "0-1"]
[WhiteElo "1369"]
[BlackElo "1486"]

1. d4 d5 2. Nf3 Bg4 3. Bg5 Bxf3 4. exf3 Nc6 5. Bb5 Qd7 6. O-O O-O-O 7. Nc3 f6 8.
Bf4 e5 9. dxe5 d4 10. Ne4 Qd5 11. Bxc6 Qxc6 12. exf6 gxf6 13. Qd3 f5 14. Ng5 Qg6
15. h4 Bh6 16. Be5 Bg7 17. Bxg7 Qxg7 18. Qxf5+ Rd7 19. Ne6 Qe7 20. Nxd4 Qxh4 21.
Qe5 Nf6 22. g3 Rg8 23. Nf5 Qg5 24. f4 Qg6 25. Rad1 Ng4 26. Ne7+ Rxe7 27. Qxe7
Qh5 28. Rfe1 Qh2+ 29. Kf1 Qxf2# 0-1

[Event "Challenge"]
[Site "http://www.queenalice.com/game.php?id=1275282"]
[Date "2014.4.22"]
[Round "-"]
[White "jfrcorrea"]
[Black "thiagobh"]
[Result "0-1"]
[WhiteElo "1511"]
[BlackElo "1558"]

1. d4 c6 2. Nf3 d5 3. Bg5 Bg4 4. e3 h6 5. Bh4 g5 6. Bg3 e6 7. Bd3 Qa5+ 8. c3 Qb6
9. b4 Be7 10. O-O f6 11. Nbd2 h5 12. Bg6+ Kd7 13. h3 h4 14. Bxb8 Bxf3 15. Nxf3
Rxb8 16. Bd3 Bd6 17. Re1 Re8 18. Qa4 a6 19. e4 Nh6 20. e5 Be7 21. Bg6 Reg8 22.
Bh5 Rg7 23. exf6 Bxf6 24. Ne5+ Bxe5 25. Rxe5 g4 26. Rae1 gxh3 27. Kh2 Rxg2+ 28.
Kxh3 Rxf2 29. Rxe6 Rh7 30. Be8+ Kc7 31. Re7+ Rxe7 32. Rxe7+ Kd8 33. Re6 Rf3+ 34.
Kxh4 Rxc3 35. Qd1 Nf5+ 36. Kg4 Ne3+ 0-1

[Event "Challenge"]
[Site "http://www.queenalice.com/game.php?id=1275995"]
[Date "2014.4.25"]
[Round "-"]
[White "jfrcorrea"]
[Black "bluemoon"]
[Result "1-0"]
[WhiteElo "1351"]
[BlackElo "1410"]

1. d4 Nf6 2. Nf3 d5 3. Bg5 g6 4. e3 Bg7 5. c3 O-O 6. Bb5 a6 7. Ba4 Nbd7 8. Nbd2
Nb6 9. O-O Nxa4 10. Qxa4 Qd7 11. Qb4 Rb8 12. Nb3 b6 13. a4 a5 14. Qb5 Qxb5 15.
axb5 Bd7 16. Ne5 Bxb5 17. Rfe1 Ne4 18. Bxe7 Rfe8 19. Ba3 Bxe5 20. dxe5 Rxe5 21.
Rad1 Ba4 22. Nc5 Bxd1 23. Nd7 Rbe8 24. Nxe5 Rxe5 25. Rxd1 f5 26. f4 Re6 27. Rxd5
Nd6 28. Re5 Rxe5 29. fxe5 Nc4 30. Be7 b5 31. e6 Nd6 32. Bd8 Kf8 33. Bxc7 Nb7 34.
h3 Ke7 35. g4 fxg4 36. hxg4 Kxe6 37. g5 Kd5 38. b3 1-0

[Event "Meta1"]
[Site "http://www.queenalice.com/game.php?id=1278342"]
[Date "2014.5.3"]
[Round "-"]
[White "jfrcorrea"]
[Black "Ajunior"]
[Result "0-1"]
[WhiteElo "1486"]
[BlackElo "1544"]

1. d4 g6 2. Nf3 Bg7 3. Bg5 Nf6 4. e3 d6 5. Bb5+ c6 6. Ba4 O-O 7. O-O Bg4 8. h3
Bxf3 9. Qxf3 Nbd7 10. c3 Qa5 11. Bxf6 Nxf6 12. Bb3 Qh5 13. Nd2 d5 14. Qxh5 Nxh5
15. e4 Bh6 16. Rad1 Bxd2 17. Rxd2 dxe4 18. Re1 Nf6 19. f3 exf3 20. gxf3 e6 21.
a3 a5 22. Re5 Nd7 23. Re4 a4 0-1

[Event "Challenge"]
[Site "http://www.queenalice.com/game.php?id=1281491"]
[Date "2014.5.13"]
[Round "-"]
[White "JORAM2205"]
[Black "jfrcorrea"]
[Result "1-0"]
[WhiteElo "1429"]
[BlackElo "1486"]

1. e4 Nf6 2. Nc3 d6 3. d4 Bg4 4. f3 Bh5 5. g4 Bg6 6. Bf4 Nc6 7. d5 Nb4 8. a3
Nfxd5 9. Nxd5 Nxd5 10. exd5 e5 11. Be3 Be7 12. Nh3 Bh4+ 13. Nf2 e4 14. Qd4 Qe7
15. Qxg7 O-O-O 16. O-O-O exf3 17. Qc3 Rde8 18. Bxa7 b6 19. Bxb6 c5 20. dxc6 Bf6
21. Ba6+ Kb8 22. c7+ 1-0

[Event "Challenge"]
[Site "http://www.queenalice.com/game.php?id=1282254"]
[Date "2014.5.16"]
[Round "-"]
[White "thiagobh"]
[Black "jfrcorrea"]
[Result "1-0"]
[WhiteElo "1587"]
[BlackElo "1475"]

1. Nf3 d5 2. g3 Nf6 3. Bg2 c6 4. O-O Bg4 5. d3 Nbd7 6. Nbd2 e6 7. e4 Bc5 8. b3
O-O 9. Bb2 Qb6 10. a3 e5 11. b4 Bd4 12. c3 dxe4 13. dxe4 Be3 14. fxe3 Qxe3+ 15.
Rf2 Nxe4 16. Qe2 Qg5 17. Nxg5 Bxe2 18. Ngxe4 Bg4 19. Bf3 Bh3 20. Ng5 Bf5 21. Be4
Bxe4 22. Ndxe4 f6 23. Nf3 Nb6 24. Nd6 Na4 25. Rb1 b5 26. Rd1 Nxb2 27. Rxb2 a5
28. Nb7 axb4 29. axb4 Rf7 30. Na5 g5 31. Nxc6 Rg7 32. Rd6 Ra1+ 33. Kg2 Rf7 34.
Nd8 Rf8 35. Nd2 f5 36. Nf3 e4 37. Nxg5 e3 38. Nf3 Re8 39. Re2 Rc1 40. Rd3 Ra1
41. Rexe3 Ra2+ 42. Kh3 Kf8 43. Rxe8+ Kxe8 44. Ne6 Ke7 45. Neg5 h6 46. Nh7 Ke6
47. Nd4+ Ke5 48. Nxb5 f4 49. gxf4+ Kxf4 50. Kh4 Rxh2+ 51. Rh3 Rxh3+ 52. Kxh3 Ke5
53. Na3 Kd5 54. c4+ Kc6 55. Kh4 h5 56. Kxh5 Kb6 57. Nf6 Kc6 58. Kg5 Kd6 59. Kf5
Kc6 60. Ke5 Kb6 61. Nd5+ Kc6 62. Kd4 Kd6 63. c5+ Kc6 64. b5+ Kd7 65. Nb6+ Kc7
66. Kd5 Kb7 67. Nac4 Kc7 68. Na4 Kb7 69. c6+ Kc7 70. b6+ Kc8 71. Kd6 Kd8 72. c7+
Kc8 73. b7+ Kxb7 74. Kd7 Ka6 75. c8=Q+ Kb5 76. Qc6+ Kb4 77. Nab6 Kc3 78. Ne5+
Kd4 79. Kd6 Ke3 80. Kd5 Kf4 81. Qf6+ Ke3 82. Nbc4+ Ke2 83. Qf3+ Ke1 84. Nd3# 1-0